[Event "4. Torneo de Promoción de Almansa A"]
[Site "Almansa ESP"]
[Date "2009.08.14"]
[Round "8.1"]
[White "Vlashki, Nino"]
[Black "Nava Pereda, Carlos"]
[Result "1-0"]
[PlyCount "63"]
[EventDate "2009.08.10"]
[EventType "swiss"]
[EventRounds "9"]
[EventCountry "ESP"]
[Source "lmi"]
[SourceDate "2009.08.10"]
[WhiteElo "2262"]
[BlackElo "2258"]

1. e4 c5 2. Nf3 Nc6 3. Bb5 d6 4. d4 cxd4 5. Qxd4 Bd7 6. Bxc6 Bxc6 7. Nc3 Nf6 8.
Bg5 e6 9. O-O-O Be7 10. Rhe1 O-O 11. Kb1 Qa5 12. Qd2 Qa6 13. Nd4 Rfe8 14. f3
Rac8 15. g4 Bd7 16. Nce2 Rc5 17. h4 Rec8 18. Rc1 Ra5 19. Nb3 Rxg5 20. hxg5 Ne8
21. Ned4 f6 22. gxf6 Nxf6 23. g5 Nh5 24. f4 Rf8 25. f5 e5 26. Ne2 Bc6 27. Rh1
Nf4 28. Nxf4 Bxg5 29. Qh2 Bxf4 30. Qxh7+ Kf7 31. Qg6+ Ke7 32. Qe6+ 1-0

[Event "4. Torneo de Promoción de Almansa A"]
[Site "Almansa ESP"]
[Date "2009.08.14"]
[Round "8.2"]
[White "Chueca Forcen, Alberto"]
[Black "Jimenez Martinez, Jose Vicente"]
[Result "1/2-1/2"]
[PlyCount "58"]
[EventDate "2009.08.10"]
[EventType "swiss"]
[EventRounds "9"]
[EventCountry "ESP"]
[Source "lmi"]
[SourceDate "2009.08.10"]
[WhiteElo "2288"]
[BlackElo "2235"]

1. d4 g6 2. c4 Bg7 3. Nc3 d6 4. e4 Nf6 5. f4 O-O 6. Nf3 c5 7. d5 e6 8. dxe6
fxe6 9. Bd3 Nc6 10. O-O Nd4 11. Ng5 e5 12. f5 h6 13. Nh3 gxf5 14. exf5 b5 15.
b3 b4 16. Ne4 Bxf5 17. Nxf6+ Rxf6 18. Bxf5 Rxf5 19. Rxf5 Nxf5 20. Qd5+ Kh8 21.
Qe4 Nd4 22. Bd2 Qg8 23. Qh4 Qe6 24. Ng5 Qg6 25. Rf1 Kg8 26. Ne4 Rf8 27. Rxf8+
Bxf8 28. Kh1 a5 29. h3 Ne2 1/2-1/2

[Event "4. Torneo de Promoción de Almansa A"]
[Site "Almansa ESP"]
[Date "2009.08.14"]
[Round "8.3"]
[White "Longa Yauca, Javier"]
[Black "Lopez Pereyra, Antonio"]
[Result "1-0"]
[PlyCount "83"]
[EventDate "2009.08.10"]
[EventType "swiss"]
[EventRounds "9"]
[EventCountry "ESP"]
[Source "lmi"]
[SourceDate "2009.08.10"]
[WhiteElo "2293"]
[BlackElo "2102"]

1. d4 e6 2. Nf3 f5 3. Bg5 Nf6 4. c4 Be7 5. Nc3 O-O 6. Bxf6 Bxf6 7. e4 d6 8. e5
Be7 9. exd6 cxd6 10. Be2 Nd7 11. O-O Nf6 12. Qb3 Kh8 13. Rad1 Rb8 14. Rfe1 Ne4
15. Bd3 Nxc3 16. bxc3 Bf6 17. Qa3 a6 18. c5 Be7 19. cxd6 Bxd6 20. Qb3 Qf6 21.
Ne5 b5 22. a4 Rb7 23. axb5 axb5 24. Bxb5 g5 25. c4 Rg7 26. c5 Bc7 27. Bc6 g4
28. f4 gxf3 29. Bxf3 Rd8 30. Qc4 Qh4 31. d5 Qxc4 32. Nxc4 exd5 33. Rxd5 Rdg8
34. Nd6 Ba5 35. Ra1 Be6 36. Rxa5 Rxg2+ 37. Kf1 Rxh2 38. Re5 Rg3 39. Rxe6 Rxf3+
40. Kg1 Rff2 41. Ra8+ Kg7 42. Ra7+ 1-0

[Event "4. Torneo de Promoción de Almansa A"]
[Site "Almansa ESP"]
[Date "2009.08.14"]
[Round "8.4"]
[White "Serna Lara, Sergio"]
[Black "Bravo Barranco, Narciso"]
[Result "1/2-1/2"]
[PlyCount "56"]
[EventDate "2009.08.10"]
[EventType "swiss"]
[EventRounds "9"]
[EventCountry "ESP"]
[Source "lmi"]
[SourceDate "2009.08.10"]
[WhiteElo "2234"]
[BlackElo "2263"]

1. d4 d5 2. c4 c6 3. Nc3 Nf6 4. e3 e6 5. Nf3 Nbd7 6. Bd2 Bd6 7. Bd3 O-O 8. O-O
Re8 9. Rc1 h6 10. h3 Qe7 11. Re1 dxc4 12. Bxc4 e5 13. Bb3 e4 14. Nh2 Nf8 15. f4
Be6 16. Bxe6 Qxe6 17. Ng4 Nxg4 18. Qxg4 f5 19. Qh5 Nh7 20. Red1 Nf6 21. Qg6
Rad8 22. Be1 Nd5 23. Qxe6+ Rxe6 24. Nxd5 cxd5 25. Bh4 Rd7 26. Rc8+ Kf7 27. Rdc1
Re8 28. Bd8 Ke6 1/2-1/2

[Event "4. Torneo de Promoción de Almansa A"]
[Site "Almansa ESP"]
[Date "2009.08.14"]
[Round "8.5"]
[White "Laliena Solares, Luis"]
[Black "Cruz Lledo, Pablo"]
[Result "0-1"]
[PlyCount "123"]
[EventDate "2009.08.10"]
[EventType "swiss"]
[EventRounds "9"]
[EventCountry "ESP"]
[Source "lmi"]
[SourceDate "2009.08.10"]
[WhiteElo "2237"]
[BlackElo "2190"]

1. d4 d5 2. Bf4 c6 3. e3 Qb6 4. Qc1 Bf5 5. c4 e6 6. Nc3 Nf6 7. Nf3 h6 8. Be2
Nbd7 9. h3 Be7 10. O-O O-O 11. Ne5 Nxe5 12. Bxe5 Nd7 13. Bh2 dxc4 14. Bxc4 c5
15. d5 Nf6 16. g4 exd5 17. Bxd5 Be6 18. Bg2 Rad8 19. Qc2 Nd5 20. Nxd5 Bxd5 21.
e4 Bc6 22. Bg3 Rfe8 23. Rfe1 g6 24. e5 Bxg2 25. Kxg2 Bf8 26. f4 Qc6+ 27. Kh2
Qf3 28. Rad1 Bg7 29. Rd2 b6 30. Red1 Rxd2+ 31. Rxd2 g5 32. Rf2 Qd5 33. fxg5
Bxe5 34. Qf5 Bxg3+ 35. Kxg3 Re3+ 36. Kh4 hxg5+ 37. Qxg5+ Qxg5+ 38. Kxg5 Rxh3
39. Rd2 Kg7 40. Rd7 Rh2 41. Rxa7 Rxb2 42. a4 c4 43. Rc7 Rb4 44. Rc6 Rxa4 45.
Rxb6 Ra5+ 46. Kf4 Rc5 47. Rb2 c3 48. Rc2 Kg6 49. Kg3 Kg5 50. Kf3 Rc4 51. Rc1 c2
52. Ke3 Kxg4 53. Kd3 Rc7 54. Rg1+ Kf3 55. Rf1+ Kg3 56. Rg1+ Kf2 57. Rc1 f5 58.
Kd2 f4 59. Kd3 f3 60. Kd2 Kg2 61. Ke3 f2 62. Kd4 0-1

[Event "4. Torneo de Promoción de Almansa A"]
[Site "Almansa ESP"]
[Date "2009.08.14"]
[Round "8.6"]
[White "Garriga Sole, Jordi"]
[Black "Martin Rodriguez, Emilio"]
[Result "1-0"]
[PlyCount "61"]
[EventDate "2009.08.10"]
[EventType "swiss"]
[EventRounds "9"]
[EventCountry "ESP"]
[Source "lmi"]
[SourceDate "2009.08.10"]
[WhiteElo "2246"]
[BlackElo "2079"]

1. c4 c6 2. b3 d5 3. Bb2 Nf6 4. e3 e6 5. g4 dxc4 6. bxc4 c5 7. g5 Nfd7 8. Nf3
Nc6 9. Na3 a6 10. Rg1 Qc7 11. Be2 Nde5 12. Nxe5 Nxe5 13. Qb3 Bd7 14. f4 Ng6 15.
O-O-O Bc6 16. Kb1 O-O-O 17. Ka1 Nh4 18. Be5 Qe7 19. Qb6 f6 20. gxf6 gxf6 21.
Bc3 Bh6 22. Rc1 Nf3 23. Rgd1 e5 24. Nb5 Kd7 25. Na7 Nh4 26. Nxc6 bxc6 27. fxe5
Bg7 28. Qb7+ Ke8 29. Qxc6+ Kf7 30. exf6 Bxf6 31. Rf1 1-0

[Event "4. Torneo de Promoción de Almansa A"]
[Site "Almansa ESP"]
[Date "2009.08.14"]
[Round "9.1"]
[White "Cruz Lledo, Pablo"]
[Black "Vlashki, Nino"]
[Result "1/2-1/2"]
[PlyCount "59"]
[EventDate "2009.08.10"]
[EventType "swiss"]
[EventRounds "9"]
[EventCountry "ESP"]
[Source "lmi"]
[SourceDate "2009.08.10"]
[WhiteElo "2190"]
[BlackElo "2262"]

1. d4 Nf6 2. c4 g6 3. Nc3 Bg7 4. e4 O-O 5. f3 c6 6. Nge2 d5 7. e5 Nfd7 8. cxd5
Nb6 9. dxc6 Nxc6 10. g3 Be6 11. Bg2 Qd7 12. f4 Rfd8 13. O-O Nb4 14. b3 a5 15.
Ba3 N4d5 16. Qd2 a4 17. Ne4 axb3 18. axb3 Qb5 19. Nc5 Bg4 20. Nc3 Nxc3 21. Qxc3
Nd5 22. Bxd5 Rxd5 23. Bb2 Rad8 24. Qc4 Qc6 25. Rf2 Bh3 26. Ne4 Qb6 27. Ng5 Bf5
28. Kg2 h6 29. Nf3 Rb5 30. Nd2 1/2-1/2

[Event "4. Torneo de Promoción de Almansa A"]
[Site "Almansa ESP"]
[Date "2009.08.14"]
[Round "9.2"]
[White "Bravo Barranco, Narciso"]
[Black "Longa Yauca, Javier"]
[Result "0-1"]
[PlyCount "78"]
[EventDate "2009.08.10"]
[EventType "swiss"]
[EventRounds "9"]
[EventCountry "ESP"]
[Source "lmi"]
[SourceDate "2009.08.10"]
[WhiteElo "2263"]
[BlackElo "2293"]

1. e4 e6 2. d4 d5 3. Nd2 c5 4. Ngf3 cxd4 5. Nxd4 Bc5 6. Bb5+ Bd7 7. Bxd7+ Nxd7
8. N4b3 Ne7 9. exd5 Nxd5 10. Ne4 Be7 11. O-O Rc8 12. c3 O-O 13. Qe2 Qc7 14. Bg5
Bxg5 15. Nxg5 Qe5 16. Ne4 N7b6 17. Rfe1 Nc4 18. Nbc5 Ncb6 19. Nxb7 Rc7 20. Ned6
Qxe2 21. Rxe2 Rd7 22. a4 Rb8 23. c4 Nxc4 24. Nxc4 Rdxb7 25. Rc1 g6 26. g3 Rc7
27. a5 Rb5 28. Rcc2 Rcc5 29. Red2 Kg7 30. Kg2 h5 31. h4 Rb4 32. Ne5 Ne3+ 33.
fxe3 Rxe5 34. Rd7 Rxa5 35. Rf2 Rf5 36. Rxf5 gxf5 37. Rxa7 Rxb2+ 38. Kf3 e5 39.
Ra5 f6 0-1

[Event "4. Torneo de Promoción de Almansa A"]
[Site "Almansa ESP"]
[Date "2009.08.14"]
[Round "9.3"]
[White "Chueca Forcen, Alberto"]
[Black "Garriga Sole, Jordi"]
[Result "1/2-1/2"]
[PlyCount "86"]
[EventDate "2009.08.10"]
[EventType "swiss"]
[EventRounds "9"]
[EventCountry "ESP"]
[Source "lmi"]
[SourceDate "2009.08.10"]
[WhiteElo "2288"]
[BlackElo "2246"]

1. d4 d5 2. c4 c6 3. Nf3 Nf6 4. Nc3 a6 5. cxd5 cxd5 6. Bg5 Ne4 7. Bh4 Nc6 8. e3
Bf5 9. Bd3 Nxc3 10. bxc3 Bxd3 11. Qxd3 f6 12. O-O e6 13. c4 dxc4 14. Qxc4 Qd7
15. Rfd1 Rc8 16. d5 exd5 17. Rxd5 Qf7 18. Qg4 Qxd5 19. Qxc8+ Nd8 20. Qc2 Bc5
21. Rd1 Qc6 22. Ne5 Qc7 23. Qa4+ b5 24. Qe4 Be7 25. Nd7 Qc4 26. Qxc4 bxc4 27.
Nb6 O-O 28. Nxc4 Ne6 29. h3 Rc8 30. Nb6 Rc2 31. a4 Rb2 32. Nd5 Bf8 33. Ra1 a5
34. Bg3 Nc5 35. Bc7 Nb3 36. Rd1 Ra2 37. Nc3 Rc2 38. Nb5 Bb4 39. Bd6 Ra2 40.
Bxb4 axb4 41. Rb1 Nd2 42. Rxb4 Ra1+ 43. Kh2 Nf1+ 1/2-1/2

[Event "4. Torneo de Promoción de Almansa A"]
[Site "Almansa ESP"]
[Date "2009.08.14"]
[Round "9.4"]
[White "Jimenez Martinez, Jose Vicente"]
[Black "Serna Lara, Sergio"]
[Result "1/2-1/2"]
[PlyCount "52"]
[EventDate "2009.08.10"]
[EventType "swiss"]
[EventRounds "9"]
[EventCountry "ESP"]
[Source "lmi"]
[SourceDate "2009.08.10"]
[WhiteElo "2235"]
[BlackElo "2234"]

1. d4 d6 2. c4 e5 3. dxe5 dxe5 4. Qxd8+ Kxd8 5. Nc3 c6 6. g3 Be6 7. b3 Nd7 8.
Bh3 Bxh3 9. Nxh3 f6 10. f3 h5 11. Nf2 Bb4 12. Bd2 a5 13. Nd3 Be7 14. e3 Kc7 15.
Ke2 Nh6 16. Rac1 Nf7 17. Rhd1 Nd8 18. Be1 Ne6 19. Na4 Ndc5 20. Naxc5 Nxc5 21.
Nxc5 Bxc5 22. Bc3 b6 23. Rc2 Rhd8 24. Rcd2 Rxd2+ 25. Rxd2 Bb4 26. Rd3 Bxc3
1/2-1/2

[Event "4. Torneo de Promoción de Almansa A"]
[Site "Almansa ESP"]
[Date "2009.08.14"]
[Round "9.5"]
[White "Nava Pereda, Carlos"]
[Black "Laliena Solares, Luis"]
[Result "1-0"]
[PlyCount "33"]
[EventDate "2009.08.10"]
[EventType "swiss"]
[EventRounds "9"]
[EventCountry "ESP"]
[Source "lmi"]
[SourceDate "2009.08.10"]
[WhiteElo "2258"]
[BlackElo "2237"]

1. c4 c5 2. Nc3 Nc6 3. Nf3 g6 4. e3 e6 5. d4 cxd4 6. Nxd4 a6 7. e4 Qc7 8. Be3
Bg7 9. Rc1 Nge7 10. Be2 O-O 11. O-O Nxd4 12. Bxd4 d6 13. Bxg7 Kxg7 14. Qd2 Nc6
15. Rfd1 Rd8 16. b4 Nxb4 17. Qb2 1-0

[Event "4. Torneo de Promoción de Almansa A"]
[Site "Almansa ESP"]
[Date "2009.08.14"]
[Round "9.6"]
[White "Garcia Gata, Jorge David"]
[Black "Ramirez Garcia, Jorge Alberto"]
[Result "1-0"]
[PlyCount "73"]
[EventDate "2009.08.10"]
[EventType "swiss"]
[EventRounds "9"]
[EventCountry "ESP"]
[Source "lmi"]
[SourceDate "2009.08.10"]
[WhiteElo "2149"]
[BlackElo "2203"]

1. d4 e6 2. Nf3 Nf6 3. Bg5 h6 4. Bh4 b6 5. e3 Bb7 6. Bd3 d6 7. Bxf6 Qxf6 8.
Nbd2 Nd7 9. Qe2 a5 10. c3 g6 11. O-O Bg7 12. Rad1 O-O 13. Rfe1 Qe7 14. Nf1 e5
15. e4 Nf6 16. Ng3 Bc8 17. dxe5 dxe5 18. Bb5 Bb7 19. h3 Rfd8 20. a4 Nh7 21. Bc4
Nf8 22. Bd5 c6 23. Bb3 Nd7 24. Nf1 Nc5 25. Bc2 Ba6 26. Qe3 Qc7 27. h4 Bc4 28.
h5 Nd7 29. hxg6 fxg6 30. Nh4 Nf8 31. Qg3 Bf7 32. Ne3 Rxd1 33. Rxd1 Rd8 34. Qf3
Qe7 35. Qg3 Rxd1+ 36. Bxd1 Kh7 37. Be2 1-0